| 000 | 00727nam a22002177a 4500 | ||
|---|---|---|---|
| 005 | 20250922093551.0 | ||
| 008 | 250909b |||||||| |||| 00| 0 eng d | ||
| 020 | _a9789357519625 | ||
| 082 | _aDC 621.3815 M961 2025 | ||
| 100 |
_aMurray, Thomas H. _eEditor _94763 |
||
| 245 |
_aAutomotive electronics : _bbasic concepts / _cThomas Murray. |
||
| 250 | _aFirst edition. | ||
| 260 |
_aIndia : _bRandom Publications LLP, _c©2025. |
||
| 300 |
_av, 286 pages : _billustrations ; _c24 cm. |
||
| 500 | _aIncludes bibliography and index. | ||
| 650 | 0 |
_aAutomotive engineering. _967991 |
|
| 650 | 0 |
_aControl engineering. _967992 |
|
| 650 | 0 |
_aElectronic circuits. _967993 |
|
| 650 | 0 |
_aCircuits and Systems. _967994 |
|
| 942 |
_2ddc _cDC |
||
| 999 |
_c23712 _d23712 |
||